000
00323nam a22001337a 4500
008
181107b xxu||||| |||| 00| 0 eng d
020
_a
9780521379250
041
_a
eng
080
_a
101
100
_a
24
101
_a
FIL
245
_a
Informal Logic A Handbook for Critical Argumentation
_c
Walton,D.N
942
_2
udc
_c
BK
999
_c
52077
_d
52077